[Event "FISU World University-ch 2020"]
[Site "Online"]
[Date "2020.10.26"]
[Round "8.9"]
[White "Muthaiah AL"]
[Black "Azhar, Puteri Rifqah Fahada"]
[Result "1-0"]
[WhiteElo "2400"]
[BlackElo "1939"]
[Annotator "TA"]
[PlyCount "107"]
[EventDate "2020.10.26"]
[SourceTitle "playchess.com"]
[Source "ChessBase"]
[SourceQuality "1"]

1. c4 f5 2. Nc3 Nf6 3. g3 g6 4. Bg2 Bg7 5. Nf3 O-O 6. O-O d6 7. d3 e5 8. Rb1 c6 9. b4 Qe7 10. b5 c5 11. Bg5 Be6 12. Ne1 h6 13. Bxf6 Bxf6 14. Bd5 Bxd5 15. Nxd5 Qd8 16. Nc2 Nd7 17. e4 Kh7 18. exf5 gxf5 19. Nce3 Bg7 20. Qf3 f4 21. Qe4+ Kh8 22. Nf5 Nf6 23. Nxf6 Qxf6 24. g4 Rab8 25. f3 Rg8 26. Kf2 Rgf8 27. Ke2 Qd8 28. Rb2 Qf6 29. Rg1 Rfd8 30. h4 Rf8 31. Kd1 h5 32. Nxg7 Qxg7 33. Rbg2 Rg8 34. Qf5 Qg6 35. Qxh5+ Qxh5 36. gxh5 Kh7 37. Rxg8 Rxg8 38. Rxg8 Kxg8 39. Ke2 Kh7 40. Kf2 Kh6 41. Kg2 Kxh5 42. Kh3 Kh6 43. Kg4 Kg6 44. h5+ Kh6 45. Kh4 Kh7 46. Kg5 Kg7 47. Kf5 Kh6 48. Ke6 Kxh5 49. Kxd6 Kh4 50. Kxe5 Kg3 51. Ke4 a6 52. bxa6 bxa6 53. a3 a5 54. a4 1-0

[Event "FISU World University-ch 2020"]
[Site "Online"]
[Date "2020.10.26"]
[Round "8.9"]
[White "Srija, Seshadri"]
[Black "Ahmad Nazari, Emir Rusyaidi"]
[Result "1-0"]
[WhiteElo "2219"]
[BlackElo "1963"]
[Annotator "ChessBase"]
[PlyCount "111"]
[EventDate "2020.10.26"]
[SourceTitle "playchess.com"]
[Source "ChessBase"]
[SourceQuality "1"]

1. e4 c6 2. d4 d5 3. e5 Bf5 4. Nf3 e6 5. Be2 Nd7 6. O-O Ne7 7. Nh4 Bg6 8. Nd2 Nf5 9. Nxg6 hxg6 10. Nf3 Be7 11. c3 f6 12. Bd3 fxe5 13. dxe5 Qc7 14. Re1 O-O-O 15. Nd4 Nxe5 16. Bf4 Bd6 17. Nxe6 Qd7 18. Bxf5 gxf5 19. Nxd8 Ng4 20. Qf3 Kxd8 21. h3 Bxf4 22. Qxf4 Nf6 23. Qb8+ Qc8 24. Qxa7 Kd7 25. Qd4 Qc7 26. Qe3 Ne4 27. f3 f4 28. Qd4 Nf6 29. c4 Kc8 30. Rac1 c5 31. Qe5 d4 32. Qxc7+ Kxc7 33. Re7+ Kc6 34. Rce1 Kb6 35. Rxg7 Nh5 36. Rg6+ Ka7 37. Rg5 b6 38. Rd5 Ng3 39. Re7+ Ka6 40. a3 Ra8 41. Kf2 Ka5 42. b3 d3 43. Rxd3 b5 44. Rd5 Rc8 45. cxb5 Kxb5 46. b4 Ka4 47. Rxc5 Rd8 48. Ke1 Kxa3 49. Rc4 Rf8 50. b5 Kb3 51. Rcc7 Ra8 52. b6 Ra1+ 53. Kd2 Nf1+ 54. Kd3 Ng3 55. Rc3+ Kb4 56. b7 1-0

[Event "FISU World University-ch 2020"]
[Site "Online"]
[Date "2020.10.26"]
[Round "8.9"]
[White "Nithyalakshmi, Sivanesan"]
[Black "Varshini, V."]
[Result "1/2-1/2"]
[WhiteElo "1945"]
[BlackElo "2226"]
[Annotator "TA"]
[PlyCount "131"]
[EventDate "2020.10.26"]
[SourceTitle "playchess.com"]
[Source "ChessBase"]
[SourceQuality "1"]

1. d4 d5 2. c4 e6 3. Nc3 Nf6 4. Bg5 Be7 5. e3 O-O 6. Nf3 a6 7. Qc2 Nbd7 8. Bd3 h6 9. h4 dxc4 10. Bxc4 b5 11. Bd3 Bb7 12. Rh3 c5 13. Bxf6 Nxf6 14. Ne4 cxd4 15. Nxd4 Rc8 16. Nxf6+ Bxf6 17. Qd2 Bxg2 18. Rg3 Bd5 19. h5 Be5 20. Rg4 f5 21. Rg6 Rf6 22. Ke2 Rxg6 23. hxg6 Qg5 24. Rc1 Qg4+ 25. Ke1 Rd8 26. Be2 Qxg6 27. Nc6 Qg1+ 28. Bf1 Qxf1+ 29. Kxf1 Bc4+ 30. Ke1 Rxd2 31. Kxd2 Bxb2 32. Rc2 Bf6 33. f4 Kf7 34. Na5 Bd5 35. Rc7+ Kg6 36. Nb3 h5 37. Ke2 h4 38. Kf2 h3 39. Kg3 Bg2 40. Nc5 Bh4+ 41. Kh2 Bf2 42. Nxe6 Bxe3 43. Kg3 Kf6 44. Nxg7 Bxf4+ 45. Kxf4 h2 46. Nh5+ Ke6 47. Ng3 h1=Q 48. Nxh1 Bxh1 49. Ra7 Be4 50. Rxa6+ Kd5 51. a4 b4 52. Rb6 Kc4 53. a5 b3 54. a6 Kc3 55. a7 b2 56. Rb8 Kc2 57. Rc8+ Kd2 58. Rb8 Kc1 59. Rc8+ Kd1 60. Rb8 Kc1 61. Rc8+ Kd1 62. Rb8 Kc2 63. Rc8+ Kd1 64. Rb8 Kc1 65. Rc8+ Kd1 66. Rb8 1/2-1/2

[Event "FISU World University-ch 2020"]
[Site "Online"]
[Date "2020.10.26"]
[Round "8.9"]
[White "Azhar, Muhd Irfan Haqqim"]
[Black "Senthil Maran K"]
[Result "1/2-1/2"]
[WhiteElo "1830"]
[BlackElo "2246"]
[Annotator "TA"]
[PlyCount "135"]
[EventDate "2020.10.26"]
[SourceTitle "playchess.com"]
[Source "ChessBase"]
[SourceQuality "1"]

1. d4 Nf6 2. Nf3 d5 3. Bf4 c5 4. e3 Nc6 5. c3 Nh5 6. Bg3 Nxg3 7. hxg3 g6 8. Bd3 Bg7 9. Nbd2 Qb6 10. b3 e5 11. dxe5 Nxe5 12. Nxe5 Bxe5 13. Rc1 O-O 14. O-O Be6 15. Nf3 Bf6 16. Qc2 Rfd8 17. Rfd1 Rac8 18. Qe2 Bg4 19. c4 dxc4 20. Bxc4 Rxd1+ 21. Rxd1 Rd8 22. Rxd8+ Qxd8 23. Qd3 Qe7 24. e4 a6 25. a4 Kg7 26. Qd5 Be6 27. Qd3 Bc8 28. Qd5 Be6 29. Qd3 Bxc4 30. Qxc4 Qd6 31. Qe2 Bd4 32. Qc4 Kf6 33. b4 Kg7 34. e5 Bxe5 35. bxc5 Qd1+ 36. Kh2 Bf6 37. Qe4 Qd7 38. g4 h6 39. g3 Kf8 40. Qf4 Kg7 41. Qe4 Qe7 42. Qd5 Qc7 43. Nd2 Qc6 44. Qxc6 bxc6 45. Kg2 Be7 46. Nb3 Kf6 47. Nd4 Bxc5 48. Nxc6 Ke6 49. a5 Kd5 50. Nb8 Bd6 51. Nd7 Bc7 52. Kf3 Bxa5 53. Nb8 Bc7 54. Nxa6 Bd6 55. Ke3 f6 56. Kd3 f5 57. gxf5 gxf5 58. Ke3 Ke5 59. Kd3 h5 60. Ke3 f4+ 61. gxf4+ Kf5 62. Kf3 h4 63. Kg2 Kxf4 64. Kh3 Kg5 65. f4+ Kh5 66. f5 Kg5 67. f6 Kxf6 68. Kxh4 1/2-1/2

[Event "FISU World University-ch 2020"]
[Site "Online"]
[Date "2020.10.26"]
[Round "8.10"]
[White "Gracia Alvarez, Gerardo An"]
[Black "Moreno Bermudez, Jhon Jairo"]
[Result "1-0"]
[WhiteElo "2308"]
[BlackElo "1839"]
[Annotator "TA"]
[PlyCount "75"]
[EventDate "2020.10.26"]
[SourceTitle "playchess.com"]
[Source "ChessBase"]
[SourceQuality "1"]

1. e4 c5 2. Nc3 Nc6 3. g3 g6 4. Bg2 Bg7 5. d3 e6 6. Be3 b6 7. Qd2 h6 8. Nge2 Nge7 9. d4 d6 10. O-O Bb7 11. Rad1 a6 12. a4 Na5 13. b3 Rc8 14. f4 O-O 15. f5 exf5 16. Bxh6 fxe4 17. Nxe4 Bxe4 18. Bxe4 Nec6 19. Bxg7 Kxg7 20. dxc5 bxc5 21. Qxd6 Qxd6 22. Rxd6 c4 23. Rd7 cxb3 24. cxb3 Rcd8 25. Rc7 Rc8 26. Rfxf7+ Rxf7 27. Rxc8 Rf6 28. Rc7+ Kh6 29. Nf4 Nd4 30. b4 Nab3 31. Bxg6 Rxf4 32. gxf4 Kxg6 33. Ra7 a5 34. b5 Kf5 35. b6 Nc6 36. Rf7+ Ke6 37. Rh7 Nc5 38. b7 1-0

[Event "FISU World University-ch 2020"]
[Site "Online"]
[Date "2020.10.26"]
[Round "8.10"]
[White "Tello Chavez, Isaac Valent"]
[Black "Loaiza, Yurani"]
[Result "1-0"]
[WhiteElo "2275"]
[BlackElo "1942"]
[Annotator "TA"]
[PlyCount "91"]
[EventDate "2020.10.26"]
[SourceTitle "playchess.com"]
[Source "ChessBase"]
[SourceQuality "1"]

1. c4 e6 2. Nf3 d5 3. b3 Nf6 4. g3 Bd6 5. Bb2 O-O 6. Bg2 c6 7. O-O Re8 8. d3 e5 9. cxd5 cxd5 10. Nbd2 Bg4 11. h3 Bh5 12. e4 dxe4 13. Nxe4 Nxe4 14. dxe4 Nc6 15. Qd5 Qf6 16. g4 Bg6 17. Rad1 Rad8 18. Qc4 Qf4 19. Nh4 Bb8 20. Bc1 Qf6 21. Nf5 Nd4 22. Rfe1 Rc8 23. Qf1 Red8 24. h4 Bxf5 25. Bg5 Qd6 26. gxf5 Re8 27. Qd3 a6 28. Kh1 Ba7 29. Rg1 Rc2 30. Qxc2 Nxc2 31. Rxd6 Bxf2 32. Rgd1 Nd4 33. f6 g6 34. Rf1 Bg3 35. Bh3 h6 36. Kg2 hxg5 37. Kxg3 gxh4+ 38. Kxh4 Ne2 39. Rfd1 Nd4 40. Bg4 Kf8 41. Kg5 Kg8 42. Rh1 a5 43. Rd7 b5 44. Rc7 Rd8 45. Rc3 Re8 46. Rch3 1-0

[Event "FISU World University-ch 2020"]
[Site "Online"]
[Date "2020.10.26"]
[Round "8.10"]
[White "Rodriguez Pineda, Sofia"]
[Black "Real Pereyra, Diana Carime"]
[Result "0-1"]
[WhiteElo "1783"]
[BlackElo "2042"]
[Annotator "ChessBase"]
[PlyCount "152"]
[EventDate "2020.10.26"]
[SourceTitle "playchess.com"]
[Source "ChessBase"]
[SourceQuality "1"]

1. e4 c5 2. Nf3 d6 3. d4 cxd4 4. Nxd4 Nf6 5. Nc3 Nc6 6. Be2 e5 7. Nb3 Be7 8. Be3 O-O 9. f3 a5 10. a4 Nb4 11. Nd5 Nfxd5 12. exd5 Bf5 13. Rc1 Bg5 14. Bxg5 Qxg5 15. O-O Nxc2 16. Rxc2 Qe3+ 17. Kh1 Qxb3 18. Rd2 Qb4 19. Bb5 Rfc8 20. Qe2 Bg6 21. Qf2 Rc5 22. f4 exf4 23. Rd4 Qb3 24. Rxf4 Rc2 25. Be2 Qxd5 26. Bf3 Rxf2 27. Bxd5 Rxf4 28. Rxf4 Rc8 29. h3 b6 30. b3 Kf8 31. Rd4 Ke7 32. Bc4 Rc5 33. Kh2 Bf5 34. Kg3 Be6 35. Kf4 Bxc4 36. bxc4 Ke6 37. g4 g5+ 38. Kf3 h6 39. Kg3 d5 40. cxd5+ Rxd5 41. Re4+ Kd6 42. Rc4 Rd3+ 43. Kg2 Ra3 44. Kh2 Rb3 45. Rd4+ Ke6 46. Re4+ Kf6 47. Rc4 Rb4 48. Rc6+ Ke5 49. Rxh6 f6 50. Rh5 Kf4 51. Rh6 Rb2+ 52. Kg1 Kg3 53. Kf1 Rf2+ 54. Ke1 Rf4 55. Kd2 Rxa4 56. Rxf6 Kxh3 57. Rxb6 Kxg4 58. Ra6 Kg3 59. Ke2 g4 60. Rg6 Kg2 61. Ke3 g3 62. Rc6 Ra3+ 63. Kf4 Rf3+ 64. Kg4 Rb3 65. Rc2+ Kf1 66. Rc1+ Ke2 67. Rc2+ Kf1 68. Rc1+ Kg2 69. Rc2+ Kh1 70. Rc1+ Kh2 71. Rc2+ g2 72. Ra2 a4 73. Rd2 a3 74. Ra2 Kh1 75. Ra1+ g1=Q+ 76. Rxg1+ Kxg1 0-1

[Event "FISU World University-ch 2020"]
[Site "Online"]
[Date "2020.10.26"]
[Round "8.10"]
[White "Orozco, Omar"]
[Black "Sandoval Mercado, Carlos"]
[Result "0-1"]
[WhiteElo "1673"]
[BlackElo "2298"]
[Annotator "TA"]
[PlyCount "74"]
[EventDate "2020.10.26"]
[SourceTitle "playchess.com"]
[Source "ChessBase"]
[SourceQuality "1"]

1. d4 Nf6 2. Nf3 c5 3. c3 b6 4. Bf4 Bb7 5. Nbd2 g6 6. e3 Bg7 7. Bc4 d6 8. Bxf7+ Kxf7 9. Ng5+ Kg8 10. Ne6 Qd7 11. Nxg7 Kxg7 12. h4 h6 13. h5 Nxh5 14. Rxh5 gxh5 15. Qxh5 Qe6 16. O-O-O Nd7 17. Rh1 Qg6 18. Qh4 Nf6 19. Rh3 Kf7 20. Rg3 Qf5 21. f3 Qh5 22. Rh3 Qxh4 23. Rxh4 Rae8 24. Nc4 Bd5 25. Nd2 e5 26. dxe5 dxe5 27. Bh2 e4 28. Bf4 Rhg8 29. Rh2 h5 30. fxe4 Bxe4 31. Nc4 Ke6 32. g3 Rd8 33. Ne5 Rd5 34. Nc6 Rc8 35. Nxa7 Rcd8 36. b3 Rd1+ 37. Kb2 Rb1+ 0-1

[Event "FISU World University-ch 2020"]
[Site "Online"]
[Date "2020.10.26"]
[Round "8.11"]
[White "Liu, Manli"]
[Black "Parol, Pola"]
[Result "1/2-1/2"]
[WhiteElo "2192"]
[BlackElo "2069"]
[Annotator "TA"]
[PlyCount "116"]
[EventDate "2020.10.26"]
[SourceTitle "playchess.com"]
[Source "ChessBase"]
[SourceQuality "1"]

1. e4 c5 2. Nf3 d6 3. d4 cxd4 4. Nxd4 Nf6 5. Nc3 a6 6. Be2 e5 7. Nb3 Be7 8. Bg5 Be6 9. Bxf6 Bxf6 10. Qd3 O-O 11. Rd1 Be7 12. Nd5 Nc6 13. c3 Bg5 14. O-O Ne7 15. Nxe7+ Bxe7 16. h3 Qc7 17. c4 Rac8 18. Rc1 Bg5 19. Rc3 Rfd8 20. Rd1 h6 21. Bg4 Bxg4 22. hxg4 Qd7 23. Qf3 Qe6 24. Qf5 Qxf5 25. gxf5 Kf8 26. a4 b6 27. Na1 Rc6 28. Nc2 Rdc8 29. Na3 Ke7 30. b3 g6 31. fxg6 fxg6 32. Rcd3 Ke6 33. g3 Rf8 34. Kg2 Rd8 35. Rd5 Rc5 36. Nc2 Be7 37. Nb4 Ra8 38. Nd3 Rxd5 39. cxd5+ Kd7 40. Rc1 Rc8 41. Rxc8 Kxc8 42. Nb4 Kb7 43. f4 Bf6 44. Nd3 a5 45. Kf3 Kc7 46. Nf2 h5 47. Nd3 b5 48. axb5 Kb6 49. g4 hxg4+ 50. Kxg4 Kxb5 51. f5 g5 52. Kh5 Be7 53. Kg6 g4 54. f6 Bf8 55. Kf7 g3 56. Ne1 Bh6 57. Kg6 Bf8 58. Kf7 Bh6 1/2-1/2

[Event "FISU World University-ch 2020"]
[Site "Online"]
[Date "2020.10.26"]
[Round "8.11"]
[White "Smieszek, Wojciech"]
[Black "Dai, Changren"]
[Result "0-1"]
[WhiteElo "2107"]
[BlackElo "2503"]
[Annotator "ChessBase"]
[PlyCount "68"]
[EventDate "2020.10.26"]
[SourceTitle "playchess.com"]
[Source "ChessBase"]
[SourceQuality "1"]

1. e4 e5 2. Nf3 Nc6 3. Bb5 a6 4. Ba4 d6 5. c3 Bd7 6. O-O Nf6 7. Qe2 g6 8. Rd1 Bg7 9. d4 b5 10. Bc2 O-O 11. a4 Rb8 12. axb5 axb5 13. Na3 exd4 14. cxd4 b4 15. Nc4 b3 16. Bb1 Nb4 17. Ra3 Bb5 18. Bd3 Re8 19. Bg5 d5 20. e5 dxc4 21. Bxc4 Bxc4 22. Qxc4 Qd5 23. Qxc7 Ne4 24. Ra5 Qc6 25. Qxc6 Nxc6 26. Ra6 Nb4 27. Ra7 Nxg5 28. Nxg5 f6 29. Nf3 fxe5 30. dxe5 Nc6 31. Ra3 Nxe5 32. Ne1 Nc4 33. Ra7 Nxb2 34. Rb1 Rbd8 0-1

[Event "FISU World University-ch 2020"]
[Site "Online"]
[Date "2020.10.26"]
[Round "8.11"]
[White "Krzysztynska, Anna"]
[Black "Hu, Yu A."]
[Result "0-1"]
[WhiteElo "1888"]
[BlackElo "2094"]
[Annotator "TA"]
[PlyCount "116"]
[EventDate "2020.10.26"]
[SourceTitle "playchess.com"]
[Source "ChessBase"]
[SourceQuality "1"]

1. d4 Nf6 2. Bf4 d5 3. Nf3 g6 4. e3 Bg7 5. h3 O-O 6. Bd3 c5 7. c3 b6 8. Nbd2 Nc6 9. O-O Bb7 10. a3 Nd7 11. Re1 e5 12. dxe5 Ndxe5 13. Be2 Qd7 14. Nxe5 Nxe5 15. Nf3 Rfe8 16. Bxe5 Bxe5 17. Qc2 Rad8 18. Rad1 Bf6 19. c4 d4 20. exd4 cxd4 21. Qb3 Bc6 22. Qd3 Be4 23. Qb3 Qb7 24. Bf1 a5 25. c5 bxc5 26. Bb5 Re7 27. a4 d3 28. Re3 d2 29. Nxd2 Bxg2 30. Rxe7 Bxe7 31. Qg3 Bf3 32. Nxf3 Rxd1+ 33. Kg2 Bf6 34. b3 Qe4 35. Bc4 Kg7 36. h4 h5 37. Kh2 Qg4 38. Qxg4 hxg4 39. Ng1 Be5+ 40. Kg2 f5 41. Ne2 f4 42. f3 gxf3+ 43. Kxf3 Rh1 44. Kg4 Kf6 45. Bd5 Rh2 46. Nc1 Bd4 47. Nd3 Be3 48. Bc4 Rg2+ 49. Kf3 Rg3+ 50. Ke2 Rh3 51. Ne1 Rxh4 52. Nf3 Rh8 53. Kd3 g5 54. Ke2 g4 55. Ne1 Rh2+ 56. Kd3 g3 57. Nf3 g2 58. Ke4 Rh3 0-1

[Event "FISU World University-ch 2020"]
[Site "Online"]
[Date "2020.10.26"]
[Round "8.11"]
[White "Pang Bo"]
[Black "Sulkowski, Andrzej"]
[Result "1-0"]
[WhiteElo "1429"]
[BlackElo "1783"]
[Annotator "NA"]
[PlyCount "119"]
[EventDate "2020.10.26"]
[SourceTitle "playchess.com"]
[Source "ChessBase"]
[SourceQuality "1"]

1. e4 c5 2. Nf3 Nc6 3. Bb5 e6 4. O-O d5 5. Bxc6+ bxc6 6. d3 Nf6 7. Nbd2 Be7 8. Re1 O-O 9. b3 Nd7 10. e5 Qc7 11. Bb2 f6 12. Qe2 fxe5 13. Nxe5 Nxe5 14. Bxe5 Bd6 15. Nf3 Bd7 16. Bxd6 Qxd6 17. Ne5 Rae8 18. g3 Rf6 19. f4 Bc8 20. c4 Ref8 21. Rf1 Bd7 22. h4 Be8 23. Rf2 g6 24. Ng4 Rf5 25. Nh6+ Kh8 26. Nxf5 gxf5 27. Re1 Bf7 28. Qe5+ Qxe5 29. Rxe5 h5 30. Rc2 Rc8 31. Re1 Kg7 32. Rec1 d4 33. Re1 a5 34. a4 Rb8 35. Rb2 Kf6 36. Re5 Re8 37. Rxc5 e5 38. fxe5+ Rxe5 39. Rxe5 Kxe5 40. b4 axb4 41. Rxb4 f4 42. gxf4+ Kxf4 43. Kf2 Kg4 44. a5 Bg6 45. Rb3 c5 46. a6 Be8 47. a7 Bc6 48. Rb6 Bh1 49. Rb8 Kxh4 50. Rd8 Bc6 51. Rd6 Bb7 52. Rd5 Kg4 53. Rxc5 h4 54. Rd5 h3 55. Rxd4+ Kg5 56. Kg3 Bg2 57. Rd5+ Kf6 58. a8=Q Bxd5 59. Qxd5 h2 60. Kxh2 1-0

[Event "FISU World University-ch 2020"]
[Site "Online"]
[Date "2020.10.26"]
[Round "8.12"]
[White "Gomez Sanchez, Jorge Marcos"]
[Black "Argote Heredia, Valentina"]
[Result "1-0"]
[WhiteElo "2352"]
[BlackElo "2150"]
[Annotator "ChessBase"]
[PlyCount "59"]
[EventDate "2020.10.26"]
[SourceTitle "playchess.com"]
[Source "ChessBase"]
[SourceQuality "1"]

1. Nf3 Nf6 2. g3 e6 3. Bg2 d5 4. b3 Be7 5. Bb2 c5 6. e3 Nc6 7. O-O O-O 8. d4 b6 9. c4 Bb7 10. Qe2 Rc8 11. Nbd2 dxc4 12. bxc4 Na5 13. Rac1 Qe8 14. Rfe1 Qa4 15. a3 Ba6 16. Ne5 b5 17. cxb5 Bxb5 18. Qf3 c4 19. e4 Ba6 20. d5 Rb8 21. Bc3 Nb3 22. Nc6 Bxa3 23. Nxb3 Rxb3 24. Ra1 Qb5 25. Rxa3 Rxa3 26. Ne7+ Kh8 27. Qxf6 Rxc3 28. Qxc3 Rb8 29. Nc6 Rc8 30. Ra1 1-0

[Event "FISU World University-ch 2020"]
[Site "Online"]
[Date "2020.10.26"]
[Round "8.12"]
[White "Perez Rodriguez, Cesar Alejandro"]
[Black "Dominguez, Laura Lucia"]
[Result "1-0"]
[WhiteElo "2303"]
[BlackElo "1970"]
[Annotator "TA"]
[PlyCount "77"]
[EventDate "2020.10.26"]
[SourceTitle "playchess.com"]
[Source "ChessBase"]
[SourceQuality "1"]

1. e4 c5 2. Nf3 d6 3. d4 cxd4 4. Nxd4 Nf6 5. Nc3 g6 6. Be3 a6 7. f3 h5 8. Qd2 Nbd7 9. Be2 b5 10. a4 b4 11. Nd5 Nxd5 12. exd5 a5 13. Nc6 Qc7 14. Bd4 f6 15. Bd3 Kf7 16. f4 Bb7 17. Qe2 Nc5 18. Bxc5 dxc5 19. Qe6+ Kg7 20. Ne5 Bxd5 21. Qxd5 fxe5 22. Qxa8 exf4 23. Qe4 Rh6 24. Qe6 g5 25. Qf5 g4 26. O-O e5 27. Rae1 c4 28. Qg5+ Kh8 29. Bf5 Qb6+ 30. Kh1 Bg7 31. Rd1 Rd6 32. Rxd6 Qxd6 33. Qxh5+ Kg8 34. Bxg4 e4 35. Rd1 Qe7 36. Rd8+ Bf8 37. Qg6+ Kh8 38. Qh6+ Kg8 39. Be6+ 1-0

[Event "FISU World University-ch 2020"]
[Site "Online"]
[Date "2020.10.26"]
[Round "8.12"]
[White "Gaviria, Andres Felipe"]
[Black "La Villa Rivas, Marlon Javier"]
[Result "0-1"]
[WhiteElo "2065"]
[BlackElo "2233"]
[Annotator "ChessBase"]
[PlyCount "76"]
[EventDate "2020.10.26"]
[SourceTitle "playchess.com"]
[Source "ChessBase"]
[SourceQuality "1"]

1. d4 Nf6 2. Nf3 g6 3. e3 Bg7 4. Be2 O-O 5. O-O d6 6. b3 Nbd7 7. Bb2 Re8 8. c4 c5 9. Re1 Qc7 10. Nc3 a6 11. Qc2 Rb8 12. Rac1 Nf8 13. d5 Bf5 14. Bd3 Bxd3 15. Qxd3 N8d7 16. e4 Qa5 17. a3 b5 18. cxb5 axb5 19. Nb1 c4 20. bxc4 bxc4 21. Qc2 Rec8 22. Nd4 Ne5 23. Bc3 Qc5 24. Rcd1 Nd3 25. Nc6 Ng4 26. Nxe7+ Kf8 27. Bxg7+ Kxg7 28. Rf1 Rb2 29. Qc3+ f6 30. Rxd3 Rxf2 31. Rd4 Rb8 32. Nd2 Rxd2 33. Qxd2 c3 34. Qd3 c2 35. g3 c1=Q 36. Rxc1 Qxc1+ 37. Kg2 Rb2+ 38. Kf3 Nxh2# 0-1

[Event "FISU World University-ch 2020"]
[Site "Online"]
[Date "2020.10.26"]
[Round "8.12"]
[White "Ojeda Ossa, Daniel De Jesus"]
[Black "Fernandez Bustamante, Leancy B."]
[Result "0-1"]
[WhiteElo "1884"]
[BlackElo "2080"]
[Annotator "ChessBase"]
[PlyCount "60"]
[EventDate "2020.10.26"]
[SourceTitle "playchess.com"]
[Source "ChessBase"]
[SourceQuality "1"]

1. d4 Nf6 2. c4 c5 3. d5 d6 4. Nc3 e5 5. e4 g6 6. Nge2 Bg7 7. h4 Na6 8. Ng3 h5 9. Be2 Nc7 10. Bg5 a6 11. Rc1 Bd7 12. a4 b6 13. O-O Bh6 14. f4 Bxg5 15. fxg5 Ng4 16. Qd2 O-O 17. Bxg4 Bxg4 18. Rf2 Qd7 19. Rcf1 b5 20. axb5 axb5 21. b3 bxc4 22. bxc4 Rab8 23. Ra1 Rb4 24. Qd3 Qd8 25. Ra7 Qb8 26. Rfa2 Qb6 27. Nf1 Rb8 28. Ne3 Bc8 29. Ra1 Na6 30. Nb5 Rxb5 0-1

[Event "FISU World University-ch 2020"]
[Site "Online"]
[Date "2020.10.26"]
[Round "8.13"]
[White "Suarez Gomez, Julio"]
[Black "Blandon, Luis Guillermo"]
[Result "1/2-1/2"]
[WhiteElo "2426"]
[BlackElo "2251"]
[Annotator "ChessBase"]
[PlyCount "284"]
[EventDate "2020.10.26"]
[SourceTitle "playchess.com"]
[Source "ChessBase"]
[SourceQuality "1"]

1. Nf3 Nf6 2. b3 g6 3. Bb2 Bg7 4. g3 O-O 5. d4 d6 6. Bg2 Nbd7 7. O-O c6 8. c4 Qc7 9. Nc3 e5 10. dxe5 dxe5 11. Qc2 Re8 12. e4 Nc5 13. b4 Ne6 14. Rad1 Nd7 15. c5 a5 16. a3 axb4 17. axb4 b6 18. cxb6 Qxb6 19. b5 cxb5 20. Nd5 Qb8 21. Rc1 Ndc5 22. Bc3 Kh8 23. Rfd1 Ra4 24. Nxe5 Bxe5 25. f4 Nd4 26. Qf2 Ne2+ 27. Qxe2 Bxc3 28. Nxc3 Rc4 29. Qb2 Kg8 30. Nd5 Rxc1 31. Nf6+ Kf8 32. Nxh7+ Kg8 33. Nf6+ Kf8 34. Qxc1 Qb6 35. Nd5 Qa7 36. Qe3 Be6 37. Nf6 Rc8 38. f5 gxf5 39. exf5 Bxf5 40. Qh6+ Ke7 41. Nd5+ Ke8 42. Qh8+ Kd7 43. Nb6+ Kc7 44. Nxc8 Bxc8 45. Qd8+ Kb8 46. Qd6+ Qc7 47. Qxc7+ Kxc7 48. h4 b4 49. Bd5 b3 50. Bxf7 Bf5 51. Rd2 Bc2 52. Bxb3 Bxb3 53. Rd4 Ne6 54. Rb4 Bd5 55. g4 Kd6 56. Kf2 Ke7 57. Kg3 Kf6 58. Rb5 Be4 59. g5+ Kg6 60. Kg4 Bf3+ 61. Kg3 Be4 62. Ra5 Bd3 63. Kf3 Kh5 64. Kg3 Kg6 65. Re5 Bf5 66. Rb5 Nxg5 67. hxg5 Kxg5 68. Kf3 Kf6 69. Kf4 Bg6 70. Rb6+ Kg7 71. Kg5 Bh7 72. Rb8 Bg8 73. Kf5 Bh7+ 74. Ke6 Bg8+ 75. Ke7 Bh7 76. Rb2 Bg8 77. Rg2+ Kh8 78. Kf8 Bh7 79. Rg5 Be4 80. Rg8+ Kh7 81. Rg4 Bf5 82. Rg5 Be4 83. Kf7 Kh8 84. Rh5+ Bh7 85. Rg5 Bd3 86. Rg8+ Kh7 87. Rg3 Bc4+ 88. Kf8 Be6 89. Rg1 Bd5 90. Rg5 Be6 91. Ke7 Bc4 92. Kf6 Bb3 93. Rh5+ Kg8 94. Rh2 Bc4 95. Rh4 Bb3 96. Rb4 Ba2 97. Kg6 Kh8 98. Rh4+ Kg8 99. Ra4 Bb1+ 100. Kf6 Bc2 101. Rc4 Bd3 102. Rc3 Bb1 103. Rg3+ Kh8 104. Rb3 Bc2 105. Rb2 Bd3 106. Rd2 Bb1 107. Rd1 Bc2 108. Rd8+ Kh7 109. Rd2 Bb1 110. Kf7 Kh8 111. Rd8+ Kh7 112. Ra8 Bd3 113. Ra4 Kh8 114. Kf8 Bc2 115. Rg4 Bd3 116. Rg8+ Kh7 117. Rg3 Bb1 118. Rh3+ Kg6 119. Rb3 Bc2 120. Rc3 Bb1 121. Rc1 Bd3 122. Kg8 Kf6 123. Rc6+ Ke5 124. Kf7 Kd4 125. Ke6 Bc4+ 126. Kd6 Kc3 127. Kc5 Bb3 128. Ra6 Kb2 129. Kb4 Ba2 130. Rh6 Bb1 131. Rh1 Bf5 132. Rf1 Bh7 133. Rg1 Bf5 134. Rg5 Be4 135. Re5 Bh7 136. Re7 Bf5 137. Re2+ Ka1 138. Kb3 Bg6 139. Rf2 Bh7 140. Rg2 Bf5 141. Rf2 Bh7 142. Ra2+ Kb1 1/2-1/2

[Event "FISU World University-ch 2020"]
[Site "Online"]
[Date "2020.10.26"]
[Round "8.13"]
[White "Abal Cores, Lucas"]
[Black "Ocampo, Cristina"]
[Result "1/2-1/2"]
[WhiteElo "2315"]
[BlackElo "1970"]
[Annotator "TA"]
[PlyCount "111"]
[EventDate "2020.10.26"]
[SourceTitle "playchess.com"]
[Source "ChessBase"]
[SourceQuality "1"]

1. e4 e5 2. Nf3 Nc6 3. d4 exd4 4. Bc4 Bc5 5. c3 d3 6. O-O Nf6 7. Bg5 d6 8. Qxd3 O-O 9. Nbd2 Re8 10. Rfe1 h6 11. Bh4 Bg4 12. h3 Bh5 13. b4 Bb6 14. Bb3 a5 15. b5 Ne5 16. Nxe5 dxe5 17. Qc2 g5 18. Bg3 a4 19. Bc4 Bg6 20. Be2 Qe7 21. Rad1 Qc5 22. Kh2 Nd5 23. Nc4 Nf4 24. Nxb6 Qxb6 25. Bf1 c6 26. c4 Qc5 27. bxc6 Qxc6 28. c5 Rad8 29. Rb1 Re7 30. Rb6 Qd7 31. Reb1 Qd2 32. Qxd2 Rxd2 33. R1b2 Rxb2 34. Rxb2 Bxe4 35. f3 Bc6 36. Bf2 Rd7 37. Bc4 Nd3 38. Bxd3 Rxd3 39. h4 Kg7 40. Re2 f6 41. Be1 Rd5 42. hxg5 hxg5 43. Bb4 Rd4 44. a3 Kg6 45. Kg1 e4 46. Kf2 exf3 47. gxf3 Rd3 48. Re3 Rxe3 49. Kxe3 Kf5 50. Bc3 Ke6 51. Kf2 f5 52. Kg3 Bd7 53. Bd2 Kd5 54. Bxg5 Kxc5 55. Kf4 Kc4 56. Be7 1/2-1/2

[Event "FISU World University-ch 2020"]
[Site "Online"]
[Date "2020.10.26"]
[Round "8.13"]
[White "Zapata Arbelaez, Estiven"]
[Black "Portela Peleteiro, Alberto"]
[Result "0-1"]
[WhiteElo "2203"]
[BlackElo "2366"]
[Annotator "ChessBase"]
[PlyCount "56"]
[EventDate "2020.10.26"]
[SourceTitle "playchess.com"]
[Source "ChessBase"]
[SourceQuality "1"]

1. d4 d6 2. Nf3 Nd7 3. e4 e5 4. Bc4 Be7 5. O-O Ngf6 6. Nc3 O-O 7. dxe5 dxe5 8. Qe2 c6 9. a3 b5 10. Ba2 a6 11. a4 Bb7 12. Bg5 Qc7 13. Nd1 h6 14. Bh4 Nc5 15. axb5 cxb5 16. Bxf6 Bxf6 17. Nc3 Ne6 18. Nd5 Nf4 19. Nxf4 exf4 20. c3 Rfe8 21. Nd2 Rad8 22. Rfd1 Qb6 23. Kh1 Bg5 24. Rac1 Qf6 25. Bb1 f3 26. gxf3 Bf4 27. Rc2 Rxd2 28. Rcxd2 Qh4 0-1

[Event "FISU World University-ch 2020"]
[Site "Online"]
[Date "2020.10.26"]
[Round "8.13"]
[White "Cardona Martinez, Lina Sofia"]
[Black "Garcia Alvarez, Paula"]
[Result "1-0"]
[WhiteElo "1877"]
[BlackElo "1661"]
[Annotator "NA"]
[PlyCount "93"]
[EventDate "2020.10.26"]
[SourceTitle "playchess.com"]
[Source "ChessBase"]
[SourceQuality "1"]

1. e4 d5 2. exd5 Qxd5 3. Nc3 Qa5 4. d4 c6 5. Bc4 Nf6 6. Nf3 e6 7. Bb3 Bd6 8. Bd2 Qc7 9. Qe2 b5 10. a3 a5 11. d5 cxd5 12. Nxd5 Nxd5 13. Bxd5 Nc6 14. O-O O-O 15. Be4 Ba6 16. Bd3 Ne5 17. Nxe5 Bxe5 18. h3 Bxb2 19. Ra2 Qe5 20. Bxa5 Bb7 21. Qxe5 Bxe5 22. Bb4 Bd5 23. Raa1 Bxa1 24. Bxf8 Bb2 25. Bb4 Bc4 26. Rb1 Bd4 27. Bxc4 bxc4 28. Rd1 Bb2 29. c3 h6 30. Rb1 Bxc3 31. Bxc3 Rxa3 32. Bb4 Ra8 33. Rc1 Rc8 34. Kf1 f5 35. Ke2 Kf7 36. Kd2 e5 37. Kc3 g5 38. Ra1 h5 39. Ra5 Kf6 40. Ra6+ Kf7 41. Rh6 h4 42. Ra6 g4 43. Rh6 g3 44. f3 e4 45. fxe4 fxe4 46. Rxh4 e3 47. Re4 1-0